书目信息 |
| 题名: |
浪漫英语经典名曲
|
|
| 作者: | 曹新宇 , 张伟 编著 ;顾飞荣 主编 | |
| 分册: | ||
| 出版信息: | 合肥 安徽科学技术出版社 2003.10 |
|
| 页数: | 209页 | |
| 开本: | 21cm | |
| 丛书名: | 浪漫英语系列 | |
| 单 册: | ||
| 中图分类: | J652 | |
| 科图分类: | ||
| 主题词: | 英语-歌曲--选集 , 歌曲-英语--选集 | |
| 电子资源: | ||
| ISBN: | 7-5337-2399-6 | |
| 000 | 00942nam2 2200301 45 | |
| 001 | 012003000000 | |
| 005 | 20050603105500.61 | |
| 010 | @a7-5337-2399-6@dCNY 8.90 | |
| 100 | @a20031219e2003 em y0chiy0121 ea | |
| 101 | 0 | @achi@aeng |
| 102 | @aCN@b340000 | |
| 105 | @ag z 000yy | |
| 200 | 1 | @a浪漫英语经典名曲@Alang man ying yu jing dia ming qu@e英汉对照@f曹新宇, 张伟编著 |
| 210 | @a合肥@c安徽科学技术出版社@d2003.10@h2003重印 | |
| 215 | @a209页@c乐谱@d21cm | |
| 225 | 2 | @a浪漫英语系列@f顾飞荣主编 |
| 300 | @a另配录音带三盒 | |
| 330 | @a本书主要收集旋律优美, 节奏舒缓, 容易为中国听众接受的欧美流行歌曲…… | |
| 410 | 0 | @12001 @a浪漫英语系列 |
| 606 | 0 | @a英语-歌曲@j选集 |
| 606 | 0 | @a歌曲-英语@j选集 |
| 690 | @aJ652@v4 | |
| 701 | 0 | @a曹新宇@Acao xin yu@4编著 |
| 701 | 0 | @a张伟@Azhang wei@4编著 |
| 702 | 0 | @a顾飞荣@Agu fei rong@4主编 |
| 801 | 0 | @aCN@bQSSKt1@c20050603 |
| 905 | @dJ652@eC150 | |
| 906 | @dCNY8.90@n3@r1 | |
| 浪漫英语经典名曲:英汉对照/曹新宇, 张伟编著.-合肥:安徽科学技术出版社,2003.10(2003重印) |
| 209页:乐谱;21cm.-(浪漫英语系列/顾飞荣主编) |
| 另配录音带三盒 |
| ISBN 7-5337-2399-6:CNY 8.90 |
| 本书主要收集旋律优美, 节奏舒缓, 容易为中国听众接受的欧美流行歌曲…… |
| ● |
| 相关链接 |
|
|
|
正题名:浪漫英语经典名曲
索取号:J652/C150
 
预约/预借
| 序号 | 登录号 | 条形码 | 馆藏地/架位号 | 状态 | 备注 |
| 1 | 378803 | 203788035 | 社科库309/309社科库 94排1列6层/ [索取号:J652/C150] | 在馆 | |
| 2 | 378804 | 203788044 | 社科库309/309社科库 94排1列6层/ [索取号:J652/C150] | 在馆 | |
| 3 | 378805 | 203788053 | 社科库309/309社科库 94排1列6层/ [索取号:J652/C150] | 在馆 | |
| 4 | 530647 | 205306471 | 社科库309/309社科库 94排1列6层/ [索取号:J652/C150] | 在馆 | |
| 5 | 530648 | 205306480 | 社科库309/309社科库 94排1列6层/ [索取号:J652/C150] | 在馆 |